00586nam a2200157 i 450000100060000000300090000600500170001500700030003200800410003511000470007624501460012326000300026930000380029961000590033785200320039683219ES-MaACL20230906174808.0t|041116s1962 sp ||||1| spa d2 aInstituto Nacional de Industria (España)10aResumen sobre finalidades y actuación del Instituto Nacional de Industria y de las empresas en que participa hasta 31 de diciembre de 1960. aMadrid : b[s.n., c1962] aXVI, 472 p., 75 lám. ; c28 cm.24aInstituto Nacional de Industria (España)-vMemorias. aES-MaACLjC-22349 bR.50493